[Event "VI Festival A"]
[Site "Robecchetto con Induno ITA"]
[Date "1994.12.??"]
[Round "6"]
[White "Temi, Walter"]
[Black "Cazzaniga, Walter"]
[WhiteElo "2020"]
[BlackElo "2180"]
[Result "1-0"]
[PlyCount "73"]
[EventDate "1994.12.27"]

1. e4 c5 2. Nf3 d6 3. c3 Nf6 4. h3 Nc6 5. Bd3 g6 6. Bc2 Bg7 7. O-O O-O 8. d4
cxd4 9. cxd4 d5 10. e5 Ne4 11. Qe1 Bf5 12. Nc3 Nxc3 13. Bxf5 Nb5 14. Bd3 Nbxd4
15. Nxd4 Nxd4 16. f4 e6 17. Be3 Nc6 18. Bf2 f6 19. exf6 Qxf6 20. Kh1 Rfe8 21.
Bg1 a6 22. Rc1 Rac8 23. Rc2 e5 24. fxe5 Rxe5 25. Qc1 Qe6 26. Bd4 Rh5 27. Bxg7
Kxg7 28. Qf4 Re5 29. Rcf2 Kg8 30. Qh6 Qe7 31. Bxg6 hxg6 32. Rf6 Qg7 33. Rxg6
Rc7 34. Rff6 Re1+ 35. Kh2 Ne5 36. Rxg7+ Rxg7 37. Re6 1-0

[Event "VI Festival A"]
[Site "Robecchetto con Induno ITA"]
[Date "1994.12.??"]
[Round "7"]
[White "Bellini, Fabio"]
[Black "Battistella, Stefano"]
[WhiteElo "2350"]
[BlackElo "2009"]
[Result "1-0"]
[PlyCount "55"]
[EventDate "1994.12.27"]

1. e4 Nf6 2. Nc3 d5 3. exd5 Nxd5 4. g3 g6 5. Bg2 c6 6. Nf3 Bg7 7. O-O O-O 8. d4
Bg4 9. Ne4 b5 10. h3 Bxf3 11. Bxf3 Qc8 12. Bg2 Rd8 13. c3 e5 14. dxe5 Ne3 15.
Nd6 Nxf1 16. Bg5 Qe6 17. Bxd8 Bxe5 18. Nxb5 Nxg3 19. fxg3 Bxg3 20. Nc7 Qe3+ 21.
Kh1 Bxc7 22. Bxc7 Na6 23. Bh2 Re8 24. Qf3 Qd2 25. Rf1 f5 26. Qxc6 Re2 27. Qxa6
Rxg2 28. Qc8+ 1-0

[Event "VI Festival A"]
[Site "Robecchetto con Induno ITA"]
[Date "1994.12.??"]
[Round "7"]
[White "Rossi, Giampiero"]
[Black "Bozzi, Gianni"]
[WhiteElo "2205"]
[BlackElo "2305"]
[Result "1-0"]
[PlyCount "86"]
[EventDate "1994.12.27"]

1. d4 d6 2. c4 e5 3. Nc3 Nf6 4. g3 Be7 5. Bg2 c6 6. Nf3 Nbd7 7. Qc2 O-O 8. O-O
Re8 9. Rd1 Qc7 10. h3 Bf8 11. b3 e4 12. Ne1 d5 13. cxd5 cxd5 14. Nxe4 Qxc2 15.
Nxf6+ Nxf6 16. Nxc2 Ne4 17. Bb2 Nxg3 18. fxg3 Rxe2 19. Rdc1 Bf5 20. g4 Rxc2 21.
Rxc2 Bxc2 22. Bxd5 Rb8 23. Rc1 Bg6 24. Rc7 h5 25. Rxb7 Re8 26. Kf2 Be7 27. Rxa7
Bh4+ 28. Kf3 Re1 29. Bc3 Rf1+ 30. Ke2 Rf2+ 31. Ke3 Rh2 32. Bb4 Rxh3+ 33. Kf4
Rd3 34. Bc5 hxg4 35. Kxg4 Bf2 36. Bc4 Rd2 37. a4 Be1 38. a5 Rf2 39. a6 Be4 40.
Re7 Bf5+ 41. Kg3 Be6 42. a7 Ra2+ 43. Kf3 Bxc4 1-0

[Event "VI Festival A"]
[Site "Robecchetto con Induno ITA"]
[Date "1994.12.??"]
[Round "7"]
[White "Temi, Walter"]
[Black "Gaido, Paolo"]
[WhiteElo "2020"]
[BlackElo "2095"]
[Result "1/2-1/2"]
[PlyCount "39"]
[EventDate "1994.12.27"]

1. d4 Nf6 2. c4 g6 3. Nc3 Bg7 4. e4 d6 5. Nf3 O-O 6. Be2 e5 7. d5 Nbd7 8. Bg5
h6 9. Bh4 a5 10. Nd2 Nc5 11. O-O Bd7 12. b3 Qe8 13. a3 Nh7 14. f3 f5 15. b4 Na4
16. Qc2 Nxc3 17. Qxc3 axb4 18. axb4 Qf7 19. c5 Ba4 20. Nc4 1/2-1/2

[Event "VI Festival A"]
[Site "Robecchetto con Induno ITA"]
[Date "1994.12.??"]
[Round "7"]
[White "Vujovic, Milorad"]
[Black "Pagnoncelli, Marco"]
[WhiteElo "2270"]
[BlackElo "1900"]
[Result "0-1"]
[PlyCount "92"]
[EventDate "1994.12.27"]

1. e4 c5 2. Nf3 d6 3. h3 Nf6 4. c3 Nc6 5. d4 cxd4 6. cxd4 Nxe4 7. d5 Qa5+ 8.
Nc3 Nxc3 9. bxc3 Ne5 10. Nxe5 Qxc3+ 11. Bd2 Qxe5+ 12. Be2 g6 13. Rc1 Bg7 14.
Bc3 Qxc3+ 15. Rxc3 Bxc3+ 16. Kf1 O-O 17. Qb3 Bg7 18. h4 Bd7 19. g4 b6 20. h5
Rfc8 21. Qe3 Kf8 22. hxg6 hxg6 23. Rh7 Rc3 24. Qg5 Rac8 25. Kg2 R8c5 26. Bf3
R3c4 27. Rh1 Rd4 28. Re1 Bf6 29. Qh6+ Bg7 30. Qe3 Be5 31. Qh6+ Bg7 32. Qh4 Bf6
33. Qg3 Rc3 34. g5 Bg7 35. Re3 Rxe3 36. fxe3 Rd2+ 37. Kg1 Rxa2 38. Bg4 Be5 39.
Qf3 Bxg4 40. Qxg4 b5 41. Kf1 a5 42. Ke1 b4 43. Qc4 Ra3 44. Kd2 Rc3 45. Qb5 b3
46. Qxa5 b2 0-1

[Event "VI Festival A"]
[Site "Robecchetto con Induno ITA"]
[Date "1994.12.??"]
[Round "7"]
[White "Zurla, Mirko"]
[Black "Sgnaolin, Davide"]
[WhiteElo "2220"]
[BlackElo "1925"]
[Result "1-0"]
[PlyCount "125"]
[EventDate "1994.12.27"]

1. e4 c5 2. c3 Nf6 3. e5 Nd5 4. d4 cxd4 5. Qxd4 e6 6. Nf3 Nc6 7. Qe4 d6 8. Nbd2
dxe5 9. Nxe5 Nxe5 10. Qxe5 Nf6 11. Bb5+ Bd7 12. Nc4 Bxb5 13. Qxb5+ Qd7 14.
Qxd7+ Nxd7 15. Bf4 f6 16. Nd6+ Bxd6 17. Bxd6 Kf7 18. Rd1 Nb6 19. b3 Rac8 20. c4
Rhd8 21. Ke2 Nd5 22. cxd5 Rxd6 23. Rc1 Rxc1 24. Rxc1 Ke7 25. dxe6 Kxe6 26. Rc8
Rd7 27. h4 g6 28. Ke3 Ke5 29. Re8+ Kd6 30. Rf8 Ke6 31. g4 Rc7 32. Re8+ Re7 33.
Rb8 Rc7 34. f3 Ke5 35. Re8+ Kd6 36. Kd3 Re7 37. Rf8 Ke5 38. Ke3 Rc7 39. Re8+
Kd6 40. Kf4 Re7 41. Rg8 Ke6 42. h5 Kf7 43. Rc8 Kg7 44. b4 Kf7 45. a4 a6 46. b5
axb5 47. axb5 Kg7 48. b6 Kf7 49. hxg6+ hxg6 50. g5 Ke6 51. gxf6 Kxf6 52. Rc7
Ke6 53. Rxe7+ Kxe7 54. Ke5 Kd7 55. Kf6 Kc6 56. Kxg6 Kxb6 57. f4 Ka5 58. f5 b5
59. f6 b4 60. f7 Ka4 61. f8=Q Ka3 62. Kf5 Kb3 63. Ke4 1-0

[Event "XXVI C.to Italiano a squadre A1"]
[Site "ITA"]
[Date "1994.??.??"]
[Round "?"]
[White "Barletta, Mauro"]
[Black "Braunberger, Federico"]
[Result "1/2-1/2"]
[WhiteElo "2230"]
[BlackElo "2085"]
[PlyCount "33"]
[EventDate "1994.01.30"]

1. e4 e6 2. Nf3 c5 3. Nc3 Nc6 4. Bb5 Nge7 5. O-O a6 6. Bxc6 Nxc6 7. d4 cxd4 8.
Nxd4 Be7 9. Re1 O-O 10. a4 d6 11. Be3 Bd7 12. Qe2 Qc7 13. Rad1 Rad8 14. Kh1 Qb8
15. f4 Nxd4 16. Bxd4 b5 17. f5 1/2-1/2

[Event "XXVI C.to Italiano a squadre A1"]
[Site "ITA"]
[Date "1994.??.??"]
[Round "?"]
[White "Barletta, Mauro"]
[Black "Racioppo, Paolo"]
[Result "0-1"]
[WhiteElo "2230"]
[BlackElo "2126"]
[PlyCount "66"]
[EventDate "1994.01.30"]

1. e4 c5 2. Nf3 a6 3. c4 d6 4. d4 cxd4 5. Nxd4 Nf6 6. Nc3 Nbd7 7. Be2 b6 8. O-O
Bb7 9. f3 e6 10. Be3 Be7 11. Qd2 O-O 12. Rfd1 Qc7 13. Rac1 Rac8 14. Bf1 Ne5 15.
Qf2 Nfd7 16. h3 Qb8 17. b3 Rfd8 18. Na4 Ba8 19. f4 Ng6 20. f5 Ngf8 21. Bd3 Nc5
22. Nxc5 dxc5 23. fxe6 cxd4 24. Qxf7+ Kh8 25. Bf4 Qb7 26. Be5 Nxe6 27. Qxe6 Bg5
28. Rc2 Be3+ 29. Kh1 Re8 30. Qf5 Rc5 31. Rf1 Qe7 32. Bxg7+ Qxg7 33. e5 Rcxe5
0-1

[Event "XXVI C.to Italiano a squadre A1"]
[Site "ITA"]
[Date "1994.??.??"]
[Round "?"]
[White "Beggi, Pierluigi"]
[Black "Malfagia, Andrea"]
[Result "1-0"]
[WhiteElo "2220"]
[BlackElo "2320"]
[PlyCount "43"]
[EventDate "1994.01.30"]

1. d4 e6 2. Nd2 c5 3. e3 Nf6 4. Ngf3 b6 5. Bd3 Bb7 6. O-O Be7 7. b3 O-O 8. Bb2
d5 9. Qe2 Nbd7 10. Rfd1 Rc8 11. Rac1 Qc7 12. c4 Qb8 13. Ne5 Rfd8 14. Ndf3 Bd6
15. Bb1 dxc4 16. Nxd7 Bxf3 17. Nxf6+ gxf6 18. Qxf3 Bxh2+ 19. Kh1 Rd5 20. dxc5
Rcxc5 21. Rxd5 Rxd5 22. g3 1-0

[Event "XXVI C.to Italiano a squadre A1"]
[Site "ITA"]
[Date "1994.??.??"]
[Round "?"]
[White "Belotti, Bruno"]
[Black "Albano, Marco"]
[WhiteElo "2420"]
[BlackElo "2230"]
[Result "1-0"]
[PlyCount "53"]
[EventDate "1994.01.30"]

1. Nf3 Nf6 2. d4 e6 3. c4 Bb4+ 4. Nbd2 O-O 5. a3 Bxd2+ 6. Qxd2 d6 7. e3 Qe7 8.
Be2 e5 9. dxe5 dxe5 10. b3 Bg4 11. Bb2 Nbd7 12. Qc2 e4 13. Nd4 c5 14. Bxg4 cxd4
15. Bxd7 d3 16. Qc3 Qxd7 17. f3 exf3 18. gxf3 Rfe8 19. e4 Qh3 20. O-O-O Qxf3
21. Rhg1 Re6 22. Rxd3 Qxe4 23. Rdg3 a5 24. Rxg7+ Kf8 25. a4 Ke8 26. Qd2 b5 27.
axb5 1-0

[Event "XXVI C.to Italiano a squadre A1"]
[Site "ITA"]
[Date "1994.??.??"]
[Round "?"]
[White "Bianco, Valerio"]
[Black "Contin, Daniel"]
[Result "0-1"]
[WhiteElo "2220"]
[BlackElo "2420"]
[PlyCount "123"]
[EventDate "1994.01.30"]

1. d4 Nf6 2. Nf3 e6 3. c4 b6 4. e3 Bb7 5. Bd3 c5 6. O-O g6 7. Nc3 Bg7 8. e4
cxd4 9. Nxd4 O-O 10. Ndb5 d5 11. exd5 a6 12. Na3 exd5 13. Bg5 h6 14. Bxf6 Bxf6
15. Qc2 dxc4 16. Nxc4 Nc6 17. Rad1 Nb4 18. Qd2 Rc8 19. Ne3 Qd4 20. Qe2 Qf4 21.
a3 Bxc3 22. bxc3 Nxd3 23. Rxd3 Rc5 24. Qg4 Qe5 25. c4 Kg7 26. Qd4 Qxd4 27. Rxd4
Ra5 28. Rd3 Re8 29. Rb3 Re6 30. Rd1 Kf6 31. Rd8 Ra4 32. Kf1 b5 33. cxb5 axb5
34. Rb8 Bc6 35. Rd8 Ke7 36. Rd2 Re5 37. Rc3 Ba8 38. Rcd3 Kf8 39. h3 Kg7 40. Ng4
Rc5 41. Ne3 Rc1+ 42. Rd1 Rxd1+ 43. Nxd1 Be4 44. Re3 Bd5 45. g3 g5 46. Ke1 Rd4
47. Nc3 Bc6 48. Ke2 Kf6 49. Rd3 Ke5 50. Ke3 Rc4 51. Kd2 f5 52. Re3+ Kd6 53. Ne2
Bg2 54. Ng1 Be4 55. Rc3 Rd4+ 56. Ke2 Bd5 57. Nf3 Bc4+ 58. Ke1 Re4+ 59. Re3
Rxe3+ 60. fxe3 Kd5 61. Nd2 Bd3 62. Kf2 0-1

[Event "XXVI C.to Italiano a squadre A1"]
[Site "ITA"]
[Date "1994.??.??"]
[Round "?"]
[White "Bozzi, Gianni"]
[Black "Tomasini, Giovanni"]
[Result "1-0"]
[WhiteElo "2305"]
[BlackElo "1999"]
[PlyCount "76"]
[EventDate "1994.01.30"]

1. d4 Nf6 2. c4 c5 3. d5 Ne4 4. Qc2 f5 5. Nf3 g6 6. Nfd2 Qa5 7. f3 Nd6 8. b4
Qxb4 9. Bb2 Rg8 10. Bc3 Qb6 11. e4 Na6 12. e5 Nf7 13. a3 Bg7 14. f4 Nh6 15. Be2
e6 16. d6 Qd8 17. h4 Nb8 18. Bf3 Nc6 19. Qa4 Ng4 20. Bxg4 fxg4 21. h5 Bxe5 22.
fxe5 Qg5 23. Qd1 Nxe5 24. Qe2 Nf7 25. hxg6 hxg6 26. Qd3 b6 27. O-O Bb7 28. Bf6
Qh5 29. Nc3 Ne5 30. Qg3 Nf7 31. Nb5 Rc8 32. Nc7+ Rxc7 33. dxc7 d6 34. Ne4 Kd7
35. Nc3 a6 36. Rae1 Re8 37. Qh4 Kxc7 38. Qxh5 gxh5 1-0

[Event "XXVI C.to Italiano a squadre A1"]
[Site "ITA"]
[Date "1994.??.??"]
[Round "?"]
[White "Braunberger, Federico"]
[Black "Salvetti, Alec"]
[Result "0-1"]
[WhiteElo "2085"]
[BlackElo "2280"]
[PlyCount "48"]
[EventDate "1994.01.30"]

1. Nf3 Nf6 2. c4 g6 3. Nc3 Bg7 4. e4 d6 5. d4 O-O 6. Be2 c5 7. O-O Bg4 8. Be3
Bxf3 9. Bxf3 cxd4 10. Bxd4 Nc6 11. Be3 Rc8 12. Be2 a6 13. Rc1 Qa5 14. Qb3 Nd7
15. Rfd1 Nc5 16. Bxc5 Qxc5 17. Qxb7 Bxc3 18. Rxc3 Rb8 19. b4 Qe5 20. Qxc6 Qxc3
21. b5 axb5 22. cxb5 Qxc6 23. bxc6 Rfc8 24. Rc1 Rb6 0-1

[Event "XXVI C.to Italiano a squadre A1"]
[Site "ITA"]
[Date "1994.??.??"]
[Round "?"]
[White "Burlando, Alessandro"]
[Black "Diana, Riccardo"]
[WhiteElo "2112"]
[BlackElo "2100"]
[Result "1/2-1/2"]
[PlyCount "108"]
[EventDate "1994.01.30"]

1. d4 d5 2. c4 c6 3. Nf3 Nf6 4. Nc3 dxc4 5. a4 Bf5 6. Ne5 e6 7. f3 Bb4 8. Nxc4
c5 9. e4 Bxe4 10. dxc5 Qxd1+ 11. Kxd1 Bc6 12. Be3 Nbd7 13. Nb5 O-O 14. Kc2 Bxc5
15. Bxc5 Nxc5 16. b3 Rfd8 17. Be2 a6 18. Nb6 Rab8 19. Na3 Nd5 20. Nac4 Nd7 21.
Nxd5 Bxd5 22. Ne3 Rbc8+ 23. Kb2 Nf6 24. Rhd1 Kf8 25. Rd2 Ke7 26. Rad1 Bc6 27.
Rxd8 Rxd8 28. Rxd8 Kxd8 29. Kc3 Nd5+ 30. Nxd5 Bxd5 31. a5 Kc7 32. g3 Kd6 33. b4
g5 34. Kd4 f6 35. f4 h6 36. h4 e5+ 37. fxe5+ fxe5+ 38. Ke3 Bc6 39. Bc4 Bd5 40.
Bd3 Ke6 41. hxg5 hxg5 42. Bh7 Bh1 43. Bg8+ Kd6 44. Bh7 Kd5 45. Bd3 e4 46. Be2
Bf3 47. Bf1 Bd1 48. b5 axb5 49. Bxb5 Kc5 50. a6 bxa6 51. Bxa6 Bc2 52. Bb7 Kd6
53. Bxe4 Bxe4 54. Kxe4 Ke6 1/2-1/2

[Event "XXVI C.to Italiano a squadre A1"]
[Site "ITA"]
[Date "1994.??.??"]
[Round "?"]
[White "Buzzi, Dario"]
[Black "Malloni, Marcello"]
[Result "0-1"]
[WhiteElo "2124"]
[BlackElo "2185"]
[PlyCount "130"]
[EventDate "1994.01.30"]

1. e4 e6 2. d4 d5 3. Nc3 Bb4 4. Nge2 dxe4 5. a3 Be7 6. Nxe4 Nf6 7. Qd3 Nbd7 8.
N2g3 O-O 9. Be2 c5 10. O-O Qc7 11. Nxc5 Nxc5 12. dxc5 Rd8 13. Qf3 Qxc5 14. c4
a5 15. b4 Qc7 16. b5 Rb8 17. Bb2 b6 18. Rfd1 Bb7 19. Qc3 Bf8 20. Qe5 Bd6 21.
Qg5 Bf4 22. Qh4 Be5 23. Bxe5 Qxe5 24. Rac1 h6 25. a4 Rbc8 26. Bf1 Kh7 27. Re1
Qc5 28. Qf4 Rd4 29. Qe5 Qxe5 30. Rxe5 Nd7 31. Ree1 Nc5 32. Ra1 Rcd8 33. Ra2 Kg8
34. f3 Rd1 35. Rxd1 Rxd1 36. Kf2 Rb1 37. Rd2 Kf8 38. Rd8+ Ke7 39. Rb8 Rb4 40.
Ne4 Bxe4 41. fxe4 Nd7 42. Rb7 f6 43. Be2 Kd6 44. Ke3 Rxa4 45. e5+ fxe5 46. Bf3
Rxc4 47. Bc6 Nc5 48. Rxg7 a4 49. Ra7 Rc3+ 50. Kd2 Rb3 51. Kc2 Ra3 52. Kb2 Re3
53. Rh7 e4 54. Rxh6 Re2+ 55. Ka3 Rxg2 56. Rh3 Ke5 57. Kb4 Kd4 58. Rh4 Re2 59.
Rh6 Rb2+ 60. Ka3 Rb3+ 61. Ka2 Kc4 62. Rh4 Re3 63. h3 Kb4 64. Rf4 Re2+ 65. Kb1
a3 0-1

[Event "XXVI C.to Italiano a squadre A1"]
[Site "ITA"]
[Date "1994.??.??"]
[Round "?"]
[White "Buzzi, Dario"]
[Black "Mascellani, Marco"]
[WhiteElo "2124"]
[BlackElo "1947"]
[Result "0-1"]
[PlyCount "76"]
[EventDate "1994.01.30"]

1. e4 c5 2. Nf3 e6 3. d4 cxd4 4. Nxd4 Nc6 5. Nc3 Nf6 6. Be3 Bb4 7. Nxc6 bxc6 8.
Bd3 d5 9. exd5 cxd5 10. O-O O-O 11. Bd4 Ba5 12. Qf3 Bb6 13. Bxf6 Qxf6 14. Qxf6
gxf6 15. Na4 Rb8 16. c4 Ba6 17. Rac1 Rbc8 18. Nxb6 axb6 19. b3 dxc4 20. bxc4
Rc5 21. Rc2 Rd8 22. Rd1 Kg7 23. Rcd2 Bxc4 24. Bxc4 Rxd2 25. Rxd2 Rxc4 26. Kf1
Rb4 27. Ke2 e5 28. Kd1 f5 29. Kc2 Kf6 30. Kc3 Ra4 31. Kb3 Rd4 32. Rxd4 exd4 33.
f4 b5 34. a4 bxa4+ 35. Kxa4 Ke6 36. Kb3 Kd5 37. Kc2 Ke4 38. g3 Ke3 0-1

[Event "XXVI C.to Italiano a squadre A1"]
[Site "ITA"]
[Date "1994.??.??"]
[Round "?"]
[White "Caselli, Luigi"]
[Black "Cresta, Enrico"]
[Result "1/2-1/2"]
[WhiteElo "2325"]
[BlackElo "1902"]
[PlyCount "20"]
[EventDate "1994.01.30"]

1. d4 Nf6 2. c4 g6 3. Nc3 c5 4. d5 d6 5. e4 Bg7 6. Be2 O-O 7. Nf3 a6 8. a4 e6
9. O-O exd5 10. cxd5 Re8 1/2-1/2

[Event "XXVI C.to Italiano a squadre A1"]
[Site "ITA"]
[Date "1994.??.??"]
[Round "?"]
[White "Cimmino, Pietro"]
[Black "Malloni, Marcello"]
[Result "1/2-1/2"]
[WhiteElo "2031"]
[BlackElo "2185"]
[PlyCount "66"]
[EventDate "1994.01.30"]

1. e4 e6 2. d4 d5 3. Nc3 Bb4 4. e5 b6 5. Qg4 Bf8 6. Bg5 Qd7 7. Bb5 c6 8. Bd3
Ba6 9. O-O-O Ne7 10. Bxe7 Qxe7 11. Nf3 Bxd3 12. Rxd3 Nd7 13. Ng5 h6 14. Rh3 g6
15. f4 b5 16. Qe2 Nb6 17. g4 O-O-O 18. a4 a6 19. axb5 axb5 20. Nxb5 cxb5 21.
Qxb5 Nc4 22. Rb3 hxg5 23. Qa6+ Kd7 24. Rb7+ Ke8 25. Qc6+ Qd7 26. Rxd7 Rxd7 27.
f5 gxf5 28. gxf5 exf5 29. e6 fxe6 30. Qxe6+ Be7 31. Qxf5 Ra7 32. Kb1 Nd2+ 33.
Kc1 Nc4 1/2-1/2

[Event "XXVI C.to Italiano a squadre A1"]
[Site "ITA"]
[Date "1994.??.??"]
[Round "?"]
[White "Cimmino, Pietro"]
[Black "Sabatini, Mario"]
[WhiteElo "2031"]
[BlackElo "2039"]
[Result "0-1"]
[PlyCount "122"]
[EventDate "1994.01.30"]

1. e4 c6 2. d4 d5 3. Nd2 dxe4 4. Nxe4 Nd7 5. Bc4 Ngf6 6. Ng5 e6 7. N1f3 Bd6 8.
Qe2 Nb6 9. Bb3 h6 10. Ne4 Nxe4 11. Qxe4 Nd5 12. O-O Nf6 13. Qe2 O-O 14. Re1 b6
15. Ne5 Bd7 16. Bf4 Qe7 17. Rad1 Rac8 18. Rd3 c5 19. Rg3 Kh8 20. dxc5 Rxc5 21.
Qd2 Bxe5 22. Bxe5 Bc6 23. Rh3 Rd8 24. Qf4 Kg8 25. c3 Ne8 26. Bxg7 Rg5 27. Bxh6
Rxg2+ 28. Kf1 Rg6 29. Bc2 Bg2+ 30. Kg1 Bxh3+ 31. Bxg6 fxg6 32. Bg5 Qb7 33. Qg3
Rd5 34. Be3 Bf5 35. Bd4 Qh7 36. Qb8 Qf7 37. Qa8 Qd7 38. Re3 Kf7 39. Qb8 Qc7 40.
Qa8 Qd7 41. Qb8 Qc7 42. Qa8 Rd8 43. Qf3 Nf6 44. Be5 Qd7 45. Bd4 Qd5 46. Qf4 g5
47. Qc7+ Qd7 48. Qe5 Qe7 49. Rg3 Rd5 50. Qe2 e5 51. Be3 g4 52. h3 Qd7 53. Bh6
Be4 54. Kh2 Rd1 55. Rg1 Rxg1 56. Kxg1 gxh3 57. f3 Bf5 58. a3 Qd5 59. b4 Qd3 60.
Qa2+ Be6 61. Qf2 Qg6+ 0-1

[Event "XXVI C.to Italiano a squadre A1"]
[Site "ITA"]
[Date "1994.??.??"]
[Round "?"]
[White "Cimmino, Pietro"]
[Black "Serpi, Andrea"]
[WhiteElo "2031"]
[BlackElo "2163"]
[Result "1-0"]
[PlyCount "57"]
[EventDate "1994.01.30"]

1. Nc3 g6 2. f4 d5 3. e4 dxe4 4. Nxe4 Bg7 5. Nf3 Nc6 6. Bb5 Nh6 7. Qe2 O-O 8.
c3 e5 9. O-O exf4 10. d4 Re8 11. Qc2 Bf5 12. Bd3 Ng4 13. Bxf4 Bxd4+ 14. cxd4
Nxd4 15. Qc4 Ne2+ 16. Bxe2 Rxe4 17. Bxc7 Qe7 18. Nd4 Ne3 19. Qc3 Nxf1 20. Nxf5
gxf5 21. Bxf1 Rc8 22. Rc1 Re6 23. Qf3 Qg5 24. Bf4 Qd8 25. Qd3 Qb6+ 26. Be3 Rxc1
27. Bxb6 axb6 28. Qd8+ Kg7 29. Qg5+ 1-0

[Event "XXVI C.to Italiano a squadre A1"]
[Site "ITA"]
[Date "1994.??.??"]
[Round "?"]
[White "Cimmino, Pietro"]
[Black "Vancini, Edoardo"]
[Result "0-1"]
[WhiteElo "2031"]
[BlackElo "2300"]
[PlyCount "56"]
[EventDate "1994.01.30"]

1. e4 c5 2. Nf3 e6 3. d4 cxd4 4. Nxd4 Nc6 5. Nc3 Qc7 6. g3 a6 7. Bg2 d6 8. Be3
Nf6 9. O-O Be7 10. f4 O-O 11. Kh1 Bd7 12. Qe2 Rac8 13. Nf3 b5 14. a3 Qb8 15. e5
Ng4 16. exd6 Bxd6 17. Bg1 e5 18. fxe5 Ncxe5 19. Ng5 Be7 20. Nh3 Bc5 21. Bxc5
Rxc5 22. Ng5 Nc4 23. Nd5 Qe8 24. Qxe8 Rxe8 25. Rxf7 Bc6 26. Re7 Rd8 27. Rd1
Nf2+ 28. Kg1 Nxd1 0-1

[Event "XXVI C.to Italiano a squadre A1"]
[Site "ITA"]
[Date "1994.??.??"]
[Round "?"]
[White "Conti, Valerio"]
[Black "Arlandi, Ennio"]
[WhiteElo "2167"]
[BlackElo "2430"]
[Result "1/2-1/2"]
[PlyCount "121"]
[EventDate "1994.01.30"]

1. g3 d5 2. Bg2 e5 3. Nf3 e4 4. Nd4 c5 5. Nb3 c4 6. Nd4 Bc5 7. c3 Nc6 8. Nxc6
bxc6 9. O-O Bg4 10. b3 cxb3 11. axb3 Ne7 12. Ba3 Qb6 13. Bxc5 Qxc5 14. b4 Qb6
15. h3 Bh5 16. Na3 O-O 17. Nc2 a5 18. bxa5 Rxa5 19. Rb1 Qa6 20. f3 exf3 21.
Bxf3 Bg6 22. Rb2 Qa7+ 23. Kg2 Nf5 24. Qe1 Rb8 25. Rxb8+ Qxb8 26. Nb4 Qd6 27. g4
Ne7 28. Qg3 Qxg3+ 29. Kxg3 f6 30. Re1 Kf8 31. d4 Ra3 32. Rc1 Ke8 33. Kf4 Kd7
34. e4 Bf7 35. Nd3 dxe4 36. Nc5+ Kc7 37. Bxe4 Nd5+ 38. Bxd5 Bxd5 39. h4 Kd6 40.
g5 fxg5+ 41. hxg5 Ra2 42. c4 Bf7 43. Rb1 Ra7 44. Ne4+ Ke7 45. c5 Ke6 46. Rb8
Rd7 47. Rb4 Bg6 48. Nc3 Rf7+ 49. Ke3 Kf5 50. d5 cxd5 51. Nxd5 Rd7 52. Nb6 Re7+
53. Kf2 Kxg5 54. Nd5 Rd7 55. Nf4 Rd2+ 56. Ke3 Rc2 57. Nxg6 Kxg6 58. Rb5 h5 59.
Kd3 Rc1 60. Kd2 Rc4 61. Kd3 1/2-1/2

[Event "XXVI C.to Italiano a squadre A1"]
[Site "ITA"]
[Date "1994.??.??"]
[Round "?"]
[White "Conti, Valerio"]
[Black "Colombo, Paolo"]
[Result "1-0"]
[WhiteElo "2167"]
[BlackElo "2200"]
[PlyCount "65"]
[EventDate "1994.01.30"]

1. e4 c6 2. Nc3 d5 3. Nf3 e6 4. d4 Nd7 5. Bd3 dxe4 6. Nxe4 Ngf6 7. Nxf6+ Nxf6
8. Qe2 Be7 9. Bd2 b6 10. O-O-O Bb7 11. Rhe1 O-O 12. c4 a5 13. a3 b5 14. c5 Qd5
15. Kb1 Rfd8 16. Bc1 b4 17. a4 Qd7 18. Ne5 Qc8 19. Bc2 Ba6 20. Qf3 Bb7 21. g4
Rf8 22. g5 Nd5 23. Qh5 f5 24. gxf6 Nxf6 25. Qh3 b3 26. Bxb3 Nd5 27. Bc2 Rf5 28.
Nc4 Ba6 29. Ne3 Rb8 30. Nxf5 exf5 31. Bxf5 Qb7 32. Qxh7+ Kf8 33. Be6 1-0

[Event "XXVI C.to Italiano a squadre A1"]
[Site "ITA"]
[Date "1994.??.??"]
[Round "?"]
[White "Conti, Valerio"]
[Black "Stavru, Alessandro"]
[Result "1-0"]
[WhiteElo "2167"]
[BlackElo "2230"]
[PlyCount "85"]
[EventDate "1994.01.30"]

1. e4 c5 2. Nf3 d6 3. g3 Nc6 4. Bg2 g6 5. d4 Bg4 6. d5 Nd4 7. O-O Bg7 8. a4 Qd7
9. Nbd2 Nh6 10. c3 Nxf3+ 11. Nxf3 O-O 12. Qc2 Bxf3 13. Bxf3 Ng4 14. Bg2 c4 15.
Bh3 f5 16. f4 e6 17. dxe6 Qxe6 18. exf5 gxf5 19. Bd2 Rae8 20. Rae1 Qd5 21. Bxg4
fxg4 22. Bc1 Qc5+ 23. Qf2 Qa5 24. Be3 b6 25. Qe2 d5 26. Qxg4 Rxe3 27. Rxe3 Qc5
28. Qe6+ Kh8 29. Kg2 d4 30. cxd4 Bxd4 31. Re2 a6 32. Rf3 Rf6 33. Qe8+ Rf8 34.
Qe4 b5 35. axb5 axb5 36. g4 b4 37. Rh3 Rf7 38. Rd2 Bf6 39. g5 c3 40. Rxh7+ Rxh7
41. Qe8+ Kg7 42. Rd7+ Be7 43. Rxe7+ 1-0

[Event "XXVI C.to Italiano a squadre A1"]
[Site "ITA"]
[Date "1994.??.??"]
[Round "?"]
[White "Contin, Daniel"]
[Black "Valenti, Giuseppe"]
[Result "1/2-1/2"]
[WhiteElo "2420"]
[BlackElo "2245"]
[PlyCount "123"]
[EventDate "1994.01.30"]

1. c4 Nf6 2. Nc3 d5 3. cxd5 Nxd5 4. g3 g6 5. Bg2 Nxc3 6. bxc3 Bg7 7. Rb1 c6 8.
Qc2 Nd7 9. Nf3 O-O 10. O-O Qc7 11. d3 h6 12. c4 e5 13. Ba3 Re8 14. Nd2 Nf6 15.
Rb3 Be6 16. Rfb1 b6 17. Bb4 Rad8 18. a4 c5 19. Bc3 Bd7 20. Qa2 Bc6 21. a5 Bxg2
22. Kxg2 Qc6+ 23. Kg1 Nd7 24. axb6 axb6 25. Qb2 Bf8 26. e4 Qd6 27. Qc2 Nb8 28.
Ba1 Nc6 29. Nf1 Nb4 30. Qe2 Ra8 31. Ne3 Ra2 32. Qd1 Rea8 33. Nd5 R8a6 34. Bc3
R6a4 35. Qf3 Nxd5 36. exd5 Ra6 37. Qe3 Bg7 38. R1b2 R2a3 39. f4 exf4 40. Qe8+
Qf8 41. Qxf8+ Kxf8 42. Bxg7+ Kxg7 43. gxf4 Rxb3 44. Rxb3 Kf6 45. Kf2 Kf5 46.
Ke3 g5 47. fxg5 hxg5 48. d4 Ra4 49. Kd3 b5 50. Rxb5 Ra3+ 51. Kd2 cxd4 52. d6+
Ke6 53. Rd5 Kd7 54. Rxd4 Ra2+ 55. Kc3 Rxh2 56. c5 Rh3+ 57. Kc4 Rh4 58. Kd5
Rxd4+ 59. Kxd4 Kc6 60. Ke4 g4 61. Kf4 f5 62. Kg3 1/2-1/2

[Event "XXVI C.to Italiano a squadre A1"]
[Site "ITA"]
[Date "1994.??.??"]
[Round "?"]
[White "De Vecchi, Andrea"]
[Black "Zurla, Mirko"]
[WhiteElo "1978"]
[BlackElo "2132"]
[Result "0-1"]
[PlyCount "46"]
[EventDate "1994.01.30"]

1. e4 c6 2. d4 d5 3. exd5 cxd5 4. c4 Nf6 5. Nc3 g6 6. Qb3 Bg7 7. cxd5 O-O 8.
Be2 Nbd7 9. Bf3 Qb6 10. Qc4 Ne8 11. Nge2 Nd6 12. Qa4 Nf6 13. O-O Bd7 14. Qd1
Rac8 15. a4 Rfd8 16. Re1 Kf8 17. b3 Bg4 18. Bxg4 Nxg4 19. Ba3 h5 20. Bc5 Rxc5
21. dxc5 Qxc5 22. Qd3 Qxf2+ 23. Kh1 Qxe1+ 0-1

[Event "XXVI C.to Italiano a squadre A1"]
[Site "ITA"]
[Date "1994.??.??"]
[Round "?"]
[White "Di Donna, Massimo"]
[Black "Sarno, Spartaco"]
[WhiteElo "2235"]
[BlackElo "2395"]
[Result "0-1"]
[PlyCount "76"]
[EventDate "1994.01.30"]

1. f4 g6 2. Nf3 Bg7 3. g3 c5 4. Bg2 Nc6 5. O-O Nf6 6. d3 d5 7. Nc3 d4 8. Na4
Nd7 9. Ng5 Qc7 10. c4 e6 11. a3 Rb8 12. Ne4 b6 13. Rb1 a5 14. Bd2 O-O 15. b4
cxb4 16. axb4 axb4 17. Bxb4 Nxb4 18. Rxb4 Re8 19. Qb1 f5 20. Ng5 h6 21. Nf3 Bb7
22. Rc1 Bf8 23. Rb5 Bc6 24. Nxd4 Bxb5 25. Nxb5 Qd8 26. Nac3 g5 27. e3 Nf6 28.
Na7 Qc7 29. Nc6 Rbc8 30. Nb5 Qg7 31. Nba7 Rc7 32. Qxb6 Rb7 33. Qa5 gxf4 34.
exf4 Ra8 35. Ra1 Rbxa7 36. Nxa7 Qxa7+ 37. Qxa7 Rxa7 38. Rxa7 Bc5+ 0-1

[Event "XXVI C.to Italiano a squadre A1"]
[Site "ITA"]
[Date "1994.??.??"]
[Round "?"]
[White "Di Paolo, Raffaele"]
[Black "Conti, Valerio"]
[Result "1/2-1/2"]
[WhiteElo "2220"]
[BlackElo "2167"]
[PlyCount "56"]
[EventDate "1994.01.30"]

1. e4 g6 2. d4 Bg7 3. Nc3 c5 4. Nf3 cxd4 5. Nxd4 Nc6 6. Nb3 Bxc3+ 7. bxc3 Nf6
8. Bd3 d5 9. exd5 Qxd5 10. O-O O-O 11. c4 Qd6 12. h3 a5 13. Be3 a4 14. Nd2 Nb4
15. c5 Qc6 16. Nc4 Nfd5 17. Ne5 Qc7 18. Bd4 f6 19. Re1 fxe5 20. Rxe5 Nf6 21.
Bc4+ Kg7 22. Bc3 Nc6 23. Re3 e5 24. Qe2 Bd7 25. f4 Nd4 26. Qd2 Qxc5 27. fxe5
Nf5 28. exf6+ Kh6 1/2-1/2